00956nam a2200217 a 450000100100000000500170001000800410002704000250006810000400009324500650013326000440019830000350024249000480027750400270032559000760035265100520042870000350048083000560051595201500057199900170072100003573620200930074554.0111109s1964 fr 000 0 fre d aDO-SdBNPbspacBNPHU1 aGoguel, Francois,d1909-199996167613aLa politique en france /cFrancois Goguel et Alfred Grosser. aParis :bLibrairie Armand Colin,c1964. a298 p. :bil., mapas ;c24 cm.0 aCollection U. Série Société politique aIncluye bibliografía aPerteneció a la biblioteca personal de Juan Isidro Jimenes Grullón. 4aFranciaxPolítica Y GobiernoySIGLO XX9616771 aGrosser, Alfred,d1925-961678 0aCollection U.pSérie Société politique961679 0010507-18MOaGRbGRcOId2011-11-09iLF1l0o p35736-10r2020-06-25w2020-06-25y1zBiblioteca Juan Isidro Jiménes GrullónZNo se presta c35227d35227